| 000 | 00688nam a2200217 i 4500 | ||
|---|---|---|---|
| 001 | 119151 | ||
| 003 | ES-MaACL | ||
| 005 | 20230906191241.0 | ||
| 007 | t| | ||
| 008 | 070214s1910 it r ||||1| ita d | ||
| 100 | 1 |
_aPico. _991860 |
|
| 245 | 1 | 2 |
_aL' industria del bestiame nella colonia eritrea / _cPico. |
| 260 |
_aRoma : _bIstituto Coloniale Italiano, _c1910 ( _fTip. Capitolina, D. Battarelli) |
||
| 300 |
_a15 p. ; _c25 cm. |
||
| 490 | 1 |
_aBiblioteca di studi coloniali ; _v3 |
|
| 651 | 4 |
_aEritrea. _9154229 |
|
| 710 | 0 |
_aIstituto Coloniale Italiano. _95294 |
|
| 830 | 0 |
_aBiblioteca di studi coloniali ; _v3 _9186923 |
|
| 852 |
_aES-MaACL _jT-1381-F-5 |
||
| 999 |
_c119151 _d119151 |
||